[Event "Kingston Easter U1600"]
[Site "Kingston"]
[Date "2019.04.21"]
[Round "7.42"]
[White "Lee, Ji Won"]
[Black "Wang, Rachel Zihan"]
[Result "0-1"]
[WhiteElo "1365"]
[BlackElo "1528"]
[PlyCount "122"]
[EventDate "2019.04.18"]
[EventType "swiss"]
[EventRounds "9"]
[EventCountry "CAN"]
[SourceTitle "EXT 2022"]
[Source "ChessBase"]
[SourceDate "2021.10.06"]
[SourceVersion "1"]
[SourceVersionDate "2021.10.06"]
[SourceQuality "1"]

1. d4 d5 2. Bf4 Nf6 3. e3 c5 4. c3 Nc6 5. Nd2 Qb6 6. Qb3 c4 7. Qc2 e6 8. Ngf3 Be7 9. Be2 0-0 10. 0-0 Qd8 11. h3 b5 12. b3 a5 13. bxc4 bxc4 14. a4 Bd6 15. Ne5 Qc7 16. Ndf3 h6 17. Bh2 Nh7 18. Nxc6 Bxh2+ 19. Nxh2 Qxc6 20. f4 f5 21. Nf3 Rb8 22. Ne5 Qc7 23. Bh5 Nf6 24. Bg6 Bd7 25. g4 Ne4 26. h4 Rb3 27. g5 Rxc3 28. Qd1 Be8 29. gxh6 gxh6 30. Bxe8 Rxe8 31. Kh2 Kh7 32. Rg1 Rg8 33. Qh5 Rc2+ 34. Kh1 Ng3+ 35. Rxg3 Rxg3 36. Nf7 Rg6 37. Ng5+ Kg7 38. Nxe6+ Rxe6 39. Qxf5 Rg6 40. Qxc2 Qe7 41. Qf2 Kh7 42. h5 Rg4 43. Rb1 Rh4+ 44. Kg2 Qg7+ 45. Kf1 Rh1+ 46. Ke2 Rxb1 47. Kf3 Rg1 48. Qh2 Qg4+ 49. Kf2 Qg3+ 50. Qxg3 Rxg3 51. Ke2 Rg2+ 52. Kd1 Kg7 53. Kc1 Kf6 54. e4 dxe4 55. d5 Ke7 56. f5 e3 57. d6+ Kxd6 58. f6 Ke6 59. f7 Kxf7 60. Kd1 Rd2+ 61. Ke1 c3 0-1

[Event "Kingston Easter U1600"]
[Site "Kingston"]
[Date "2019.04.19"]
[Round "3.46"]
[White "Chau, Jonathan"]
[Black "Lee, Ji Won"]
[Result "1-0"]
[WhiteElo "934"]
[BlackElo "1365"]
[PlyCount "76"]
[EventDate "2019.04.18"]
[EventType "swiss"]
[EventRounds "9"]
[EventCountry "CAN"]
[SourceTitle "EXT 2022"]
[Source "ChessBase"]
[SourceDate "2021.10.06"]
[SourceVersion "1"]
[SourceVersionDate "2021.10.06"]
[SourceQuality "1"]

1. d4 d5 2. c4 e6 3. Nc3 Nf6 4. Nf3 Nbd7 5. Bg5 c6 6. e4 Qa5 7. Bxf6 Nxf6 8. cxd5 exd5 9. e5 Ne4 10. Qc2 Bb4 11. Rc1 Qxa2 12. Nd2 Bxc3 13. bxc3 Qxc2 14. Rxc2 Nxd2 15. Rxd2 Bf5 16. g3 a5 17. Bd3 Bh3 18. Ke2 0-0 19. Rg1 f5 20. Kf3 c5 21. dxc5 Rac8 22. c4 Rxc5 23. cxd5 Kh8 24. Bb1 Rd8 25. Ba2 Bg4+ 26. Kf4 Rc3 27. e6 h6 28. h4 Ra3 29. Re1 Ra4+ 30. Ke5 Bh5 31. d6 Rb4 32. d7 Rb5+ 33. Kd6 Ra8 34. e7 Ra6+ 35. Kc7 Rc6+ 36. Kb8 Kh7 37. d8Q f4 38. Qg8+ Kg6 1-0

[Event "Kingston Easter U1600"]
[Site "Kingston"]
[Date "2019.04.19"]
[Round "2.47"]
[White "Lee, Ji Won"]
[Black "Liao, Austin"]
[Result "1-0"]
[WhiteElo "1365"]
[BlackElo "902"]
[PlyCount "49"]
[EventDate "2019.04.18"]
[EventType "swiss"]
[EventRounds "9"]
[EventCountry "CAN"]
[SourceTitle "EXT 2022"]
[Source "ChessBase"]
[SourceDate "2021.10.06"]
[SourceVersion "1"]
[SourceVersionDate "2021.10.06"]
[SourceQuality "1"]

1. d4 e6 2. Bf4 d5 3. e3 Nf6 4. Nf3 Nc6 5. h3 h6 6. Nbd2 g5 7. Bh2 Bd7 8. Bd3 a6 9. Qe2 Nb4 10. 0-0 Rg8 11. Ne5 Nc6 12. c3 h5 13. f3 Bh6 14. g4 h4 15. e4 Qe7 16. Rae1 0-0-0 17. Nxd7 Qxd7 18. e5 Nh7 19. Bxh7 Rgf8 20. Nb3 Rde8 21. Nc5 Qe7 22. b4 b6 23. Qxa6+ Kd8 24. Qa8+ Nb8 25. Qxb8# 1-0